Diseño y tecnologia de circuitos integrados (Registro nro. 14562)

Detalles MARC
000 -CABECERA
Longitud fija campo de control 00747nam a2200181 a 4500
003 - • IDENTIFICADOR DELl NÚMERO DE CONTROL
Identificador del número de control CO-ViMGA
008 - • CÓDIGOS DE INFORMACIÓN DE LONGITUD FIJA
Códigos de información de longitud fija 141112s2004 ck r 000 u spa d
040 ## - FUENTE DE LA CATALOGACIÓN
Centro catalogador de origen CO-ViMGA
Lengua de catalogación spa
Centro transcriptor CO-ViMGA
082 04 - • NÚMERO DE LA CLASIFICACIÓN DECIMAL DEWEY
Número de clasificación (R) 621.38132 M671
100 1# - • PUNTO DE ACCESO PRINCIPAL-NOMBRE DE PERSONA
Nombre de persona Morant, M.J
245 10 - • TITULO PROPIAMENTE DICHO
Título Diseño y tecnologia de circuitos integrados
300 ## - • DESCRIPCIÓN FÍSICA
Extensión 222 p : il
505 ## - • NOTA DE CONTENIDO CON FORMATO
Nota de contenido con formato Componentes y estructuras de los circuitos integrados 17 - - Procesos de fabricación de circuitos integrados 37 - - Circuitos MOS para CI digitales 55 - - Diseño de sistemas digitales para CI 123 - - Circuitos CMOS para CI con elementos simples y analógicos 185
650 14 - • PUNTO DE ACCESO ADICIONAL DE MATERIA - TÉRMINO DE MATERIA
Término de materia o nombre geográfico como elemento inicial CIRCUITOS INTEGRADOS
942 ## - ENTRADA DE ELEMENTOS AGREGADOS (KOHA)
Fuente de clasificaión o esquema Dewey Decimal Classification
Koha [por defecto] tipo de item LIbro
Existencias
Perdido Fuente de clasificación o esquema Estado Físico No para préstamo Forma de adquisición Localización permanente Localización actual Fecha adquisición Serie de enumeración / cronolog&íacute;a Préstamos totales Signatura completa Código de barras Fecha última consulta Fecha último préstamo Número de copia Fecha del precio de reemplazo Tipo de item de Koha
  Dewey Decimal Classification     Sala Especializada Tercer Piso Biblioteca Pública Germán Arciniegas - Villavicencio Biblioteca Pública Germán Arciniegas - Villavicencio 12/04/2015 Volumen. 1 | 11/jun/2009 1 621.38132 M671 03683 11/09/2021 10/19/2021 Ej. 1 12/04/2015 LIbro









Instituto Departamental de Cultura del Meta - Red Departamental de Bibliotecas Públicas del Meta.